Southville International School and Colleges
Your cart is empty.
  • Cart
  • Lists
    Public lists Eva Luna New books Lux_list list_1
    Your lists Log in to create your own lists
  • Log in to your account
  • Your cookies
  • Search history
Southville International School and Colleges
  • Advanced search
  • Recent comments
  • Most popular
  • Libraries

Log in to your account

Log in with GOOGLE


If you do not have an external account, but do have a local account, you can still log in:

  1. Home
  2. MARC view: The well-wishers /
Normal view MARC view ISBD view

The well-wishers / (Record no. 35169)

[ view plain ]
MARC details
000 -LEADER
fixed length control field 00726cam a22002771 4500
001 - CONTROL NUMBER
control field 7488801
003 - CONTROL NUMBER IDENTIFIER
control field OSt
005 - DATE AND TIME OF LATEST TRANSACTION
control field 20140310184528.0
008 - FIXED-LENGTH DATA ELEMENTS--GENERAL INFORMATION
fixed length control field 751103s1960 nyua 000 1 eng
010 ## - LIBRARY OF CONGRESS CONTROL NUMBER
LC control number 60006209
020 ## - INTERNATIONAL STANDARD BOOK NUMBER
International Standard Book Number 0439322286
035 ## - SYSTEM CONTROL NUMBER
System control number (OCoLC)1800760
040 ## - CATALOGING SOURCE
Original cataloging agency DLC
Transcribing agency FM
Modifying agency OCoLC
-- DLC
042 ## - AUTHENTICATION CODE
Authentication code premarc
050 00 - LIBRARY OF CONGRESS CALL NUMBER
Classification number PZ 7
Item number .Ea115We 1960
100 1# - MAIN ENTRY--PERSONAL NAME
Personal name Eager, Edward.
9 (RLIN) 23861
245 14 - TITLE STATEMENT
Title The well-wishers /
Statement of responsibility, etc Edward Eager
260 ## - PUBLICATION, DISTRIBUTION, ETC. (IMPRINT)
Place of publication, distribution, etc New York,
Name of publisher, distributor, etc Scholastic Inc.,
Date of publication, distribution, etc 1960.
300 ## - PHYSICAL DESCRIPTION
Extent 191 p.
Other physical details ill. ;
Dimensions 21 cm.
521 ## - TARGET AUDIENCE NOTE
Target audience note
526 ## - STUDY PROGRAM INFORMATION NOTE
Reading level 790
650 ## - SUBJECT ADDED ENTRY--TOPICAL TERM
Topical term or geographic name as entry element Fiction
General subdivision Juvenile
9 (RLIN) 30409
906 ## - LOCAL DATA ELEMENT F, LDF (RLIN)
a 7
b cbc
c oclcrpl
d u
e ncip
f 19
g y-gencatlg
942 ## - ADDED ENTRY ELEMENTS (KOHA)
Source of classification or shelving scheme Library of Congress Classification
Koha item type
Holdings
Withdrawn status Lost status Source of classification or shelving scheme Damaged status Home library Current library Shelving location Date acquired Total Checkouts Full call number Barcode Date last seen Date checked out Copy number Price effective from Koha item type
    Library of Congress Classification   Luxembourg Library Luxembourg Library Scholastic Reading Center Section 10/24/2013 1 PZ 7 .Ea115We 1960 LEX0256 04/18/2017 07/20/2016 1 10/24/2013 Books

The well-wishers /

APA

Eager E., . (1960). The well-wishers. New York: Scholastic Inc.

Chicago

Eager Edward, . 1960. The well-wishers. New York: Scholastic Inc.

Harvard

Eager E., . (1960). The well-wishers. New York: Scholastic Inc.

MLA

Eager Edward, . The well-wishers. New York: Scholastic Inc. 1960.

  • Place hold
  • Print
  • Cite
  • Add to your cart (remove)
  • Save record
    BIBTEX Dublin Core MARCXML MARC (non-Unicode/MARC-8) MARC (Unicode/UTF-8) MARC (Unicode/UTF-8, Standard) MODS (XML) RIS
  • More searches
    Search for this title in:
    Other Libraries (WorldCat) Other Databases (Google Scholar) Online Stores (Bookfinder.com) Open Library (openlibrary.org)

Exporting to Dublin Core...

SOUTHVILLE LIBRARY

Southville International School and Colleges Library

1281 Tropical Ave. Cor. Luxembourg St., BF Homes International, Las Pinas City

Tel. No. 8256374 / 252358 Loc. 117/146

Powered by Koha